<?xml version="1.0" encoding="UTF-8"?>
<record
    xmlns:xsi="http://www.w3.org/2001/XMLSchema-instance"
    xsi:schemaLocation="http://www.loc.gov/MARC21/slim http://www.loc.gov/standards/marcxml/schema/MARC21slim.xsd"
    xmlns="http://www.loc.gov/MARC21/slim">

  <leader>01353nam a2200265   4500</leader>
  <controlfield tag="001">113595</controlfield>
  <controlfield tag="003">DR-UNIBE</controlfield>
  <controlfield tag="005">20260511101342.0</controlfield>
  <controlfield tag="008">250512b1997    nq ||||| |||| 00| 0 spa d</controlfield>
  <datafield tag="040" ind1=" " ind2=" ">
    <subfield code="a">BIBLIOTECA UNIBE</subfield>
    <subfield code="c">BIBLIOTECA UNIBE</subfield>
    <subfield code="b">spa</subfield>
    <subfield code="e">rda</subfield>
  </datafield>
  <datafield tag="041" ind1=" " ind2=" ">
    <subfield code="a">spa</subfield>
  </datafield>
  <datafield tag="082" ind1=" " ind2=" ">
    <subfield code="2">22</subfield>
    <subfield code="a">345.11 N583c</subfield>
  </datafield>
  <datafield tag="110" ind1="1" ind2="0">
    <subfield code="a"> Nicaragua. Corte Centroamericana de Justicia</subfield>
    <subfield code="9">195211</subfield>
    <subfield code="e">autor</subfield>
  </datafield>
  <datafield tag="245" ind1="1" ind2="3">
    <subfield code="a">La Corte de Managua : </subfield>
    <subfield code="b">defensa de su institucionalidad /</subfield>
  </datafield>
  <datafield tag="250" ind1=" " ind2=" ">
    <subfield code="a">Primera edici&#xF3;n</subfield>
  </datafield>
  <datafield tag="260" ind1=" " ind2=" ">
    <subfield code="a">Managua :</subfield>
    <subfield code="b">Corte Centroamericana de Justicia, </subfield>
    <subfield code="c">1997</subfield>
  </datafield>
  <datafield tag="300" ind1=" " ind2=" ">
    <subfield code="a">469 p&#xE1;ginas : </subfield>
    <subfield code="c">21 x 15 cm</subfield>
  </datafield>
  <datafield tag="500" ind1=" " ind2=" ">
    <subfield code="a">Incluye Adenda  de mayo 2000 : sentencias pronunciadas por la Corte, despu&#xE9;s de la preparaci&#xF3;n y publicaci&#xF3;n de la obra</subfield>
  </datafield>
  <datafield tag="505" ind1=" " ind2=" ">
    <subfield code="a">Cap&#xED;tulo I: Institucionalidad del centroamericanismo |
Cap&#xED;tulo II: El ordenamiento jur&#xED;dico |
Cap&#xED;tulo III: Historia del Tribunal Centroamericano |
Cap&#xED;tulo IV: El Tribunal de Managua |
Cap&#xED;tulo V: Evaluaci&#xF3;n del SICA |
Cap&#xED;tulo VI: Deformaci&#xF3;n publicitaria |
Cap&#xED;tulo VII: Publicaciones |
Cap&#xED;tulo VIII: Conclusiones |
Anexos</subfield>
  </datafield>
  <datafield tag="650" ind1=" " ind2="7">
    <subfield code="2">lemb</subfield>
    <subfield code="a">Tribunal de Managua</subfield>
    <subfield code="9">204735</subfield>
  </datafield>
  <datafield tag="650" ind1=" " ind2="7">
    <subfield code="2">lemb</subfield>
    <subfield code="a">Ordemamiento jur&#xED;dico</subfield>
    <subfield code="z">Am&#xE9;rica Central</subfield>
    <subfield code="9">204736</subfield>
  </datafield>
  <datafield tag="651" ind1=" " ind2=" ">
    <subfield code="a">America Central</subfield>
    <subfield code="x">Integraci&#xF3;n</subfield>
    <subfield code="9">195214</subfield>
  </datafield>
  <datafield tag="776" ind1="1" ind2="8">
    <subfield code="t">Adenda al libro : La Corte de Managua</subfield>
    <subfield code="w">114610</subfield>
  </datafield>
  <datafield tag="942" ind1=" " ind2=" ">
    <subfield code="2">ddc</subfield>
    <subfield code="c">BK</subfield>
  </datafield>
  <datafield tag="999" ind1=" " ind2=" ">
    <subfield code="c">113595</subfield>
    <subfield code="d">113595</subfield>
  </datafield>
  <datafield tag="952" ind1=" " ind2=" ">
    <subfield code="0">0</subfield>
    <subfield code="1">0</subfield>
    <subfield code="2">ddc</subfield>
    <subfield code="7">0</subfield>
    <subfield code="a">Principal</subfield>
    <subfield code="d">2025-04-08</subfield>
    <subfield code="l">0</subfield>
    <subfield code="o">345.11 N583c</subfield>
    <subfield code="p">250382</subfield>
    <subfield code="r">2025-05-12 09:22:23</subfield>
    <subfield code="t">Ej. 1</subfield>
    <subfield code="w">2025-05-12</subfield>
    <subfield code="y">BK</subfield>
  </datafield>
</record>
